Pruebas Objetivas
Αποθηκεύτηκε σε:
| Κύριος συγγραφέας: | |
|---|---|
| Μορφή: | Βιβλίο |
| Γλώσσα: | Ισπανικά |
| Έκδοση: |
Valparaíso
Elvira Collados de Jara
1950
|
| Θέματα: | |
| Ετικέτες: |
Προσθήκη ετικέτας
Δεν υπάρχουν, Καταχωρήστε ετικέτα πρώτοι!
|
MARC
| LEADER | 00000nam a2200000 a 4500 | ||
|---|---|---|---|
| 001 | UCU0859 | ||
| 003 | CL-VaPUC | ||
| 008 | 960329e19500000CL |||||||||||||||||spa|d | ||
| 082 | 0 | 4 | |a 371.26 |b COL |2 21 |
| 100 | 0 | |a Collados de Jara, Elvira |e author |9 356308 | |
| 245 | 1 | 0 | |a Pruebas Objetivas |
| 300 | |a 63 p | ||
| 942 | |c BK | ||
| 945 | |d 19960329 00:00:00 |a cmena | ||
| 260 | |a Valparaíso |b Elvira Collados de Jara |c 1950 | ||
| 650 | 7 | |a TESTS |2 CL-VaPUC |9 309359 | |
| 650 | 0 | |a Evaluación de la educación |9 237505 | |
| 650 | 7 | |a MEDICION EDUCACIONAL |2 CL-VaPUC |9 343534 | |
| 650 | 7 | |a PRACTICA DE TESTS EDUCACIONALES |2 CL-VaPUC |9 356309 | |
| 583 | |a last modification |c 19960329 00:00:00 |k Rodrigo Vera | ||
| 999 | |c 245642 |d 245640 | ||
| 952 | |0 0 |1 0 |4 0 |6 371_260000000000000_COL_1950 |7 0 |8 P |9 260217 |a BIBEDU |b BIBEDU |c BIBEDU_PB |d 2019-11-19 |i 1635190 |o 371.26 COL 1950 |p 1635190 |r 2024-01-25 |w 2019-11-19 |y BK |k EDU | ||